[Event "III Dolnoslaska Liga Szachowa 2017/2018"]
[Site "Dolny Slask"]
[Date "1899-12-30"]
[Round "7.10"]
[White "Cechura, Petr"]
[Black "Laszewicz, Pawel"]
[Result "1/2-1/2"]
[WhiteTitle ""]
[BlackTitle "k"]
[WhiteElo "2172"]
[BlackElo "2077"]

1. e4 e5 2. Nf3 Nc6 3. d4 exd4 4. c3 d5 5. exd5 Qxd5 6. cxd4 Bb4+ 7. Nc3 Qa5 8.
Bd2 Nf6 9. a3 Bxc3 10. Bxc3 Qd5 11. Be2 Bg4 12. O-O O-O-O 13. Ne5 Bxe2 14. Qxe2
Nxd4 15. Bxd4 Qxd4 16. Rad1 Qe4 17. Qxe4 Nxe4 18. Nxf7 Rxd1 19. Rxd1 Rf8 20. Rd4
Nc5 21. Ng5 h6 22. Ne4 Re8 23. f3 Nxe4 24. fxe4 Rd8 25. Rxd8+ Kxd8 26. Kf2 Kd7
27. Ke3 Kd6 28. Kf4 c5 29. a4 b6 30. Kf5 a6 31. Kg6 b5 32. axb5 axb5 33. Kxg7
Ke7 34. g4 c4 35. Kxh6 b4 36. g5 c3 37. bxc3 bxc3 38. g6 c2 39. g7 c1=Q+ 40. Kh7
Qc7 41. g8=Q Qxh2+ 42. Kg7 Qe5+ 43. Kh6 Qh2+ 1/2-1/2

[Event "III Dolnoslaska Liga Szachowa 2017/2018"]
[Site "Dolny Slask"]
[Date "1899-12-30"]
[Round "7.11"]
[White "Siembab, Bartosz"]
[Black "Pyka, Roman"]
[Result "1/2-1/2"]
[WhiteTitle "k++"]
[BlackTitle "I++"]
[WhiteElo "2252"]
[BlackElo "1957"]

1. d4 d5 2. c4 e6 3. Nc3 Nf6 4. Nf3 Be7 5. Bg5 Nbd7 6. e3 h6 7. Bh4 c6 8. Bd3 dxc4
9. Bxc4 b5 10. Bd3 a6 11. O-O Bb7 12. Qe2 c5 13. Rfd1 Qb6 14. Rac1 Rc8 15. Nb1
O-O 1/2-1/2

[Event "III Dolnoslaska Liga Szachowa 2017/2018"]
[Site "Dolny Slask"]
[Date "1899-12-30"]
[Round "7.12"]
[White "Gromczak, Dariusz"]
[Black "Szczesniak, Konrad"]
[Result "1-0"]
[WhiteTitle "I+"]
[BlackTitle "k"]
[WhiteElo "1943"]
[BlackElo "2101"]

1. e4 d5 2. exd5 Nf6 3. d4 Nxd5 4. Nf3 Bg4 5. Be2 e6 6. h3 Bf5 7. O-O Be7 8. c4
Nb4 9. Nc3 O-O 10. Bf4 c5 11. dxc5 Bxc5 12. a3 Nc2 13. Rc1 Nd4 14. b4 Nxe2+ 15.
Nxe2 Be7 16. Ned4 Bg6 17. Qb3 Nd7 18. Rfd1 a6 19. c5 Bf6 20. c6 e5 21. cxb7 exf4
22. Nc6 Qe8 23. bxa8=Q Qxa8 24. Rxd7 1-0

[Event "III Dolnoslaska Liga Szachowa 2017/2018"]
[Site "Dolny Slask"]
[Date "1899-12-30"]
[Round "7.13"]
[White "Majocha, Piotr"]
[Black "Szablewski, Krzysztof"]
[Result "1-0"]
[WhiteTitle "I"]
[BlackTitle "II"]
[WhiteElo "1902"]
[BlackElo "1902"]

1. Nf3 Nf6 2. g3 d5 3. Bg2 c5 4. O-O Nc6 5. d4 cxd4 6. Nxd4 e5 7. Nxc6 bxc6 8.
c4 Qd6 9. cxd5 Nxd5 10. Qc2 Nb4 11. Qa4 Bd7 12. a3 Nd5 13. Rd1 Qc5 14. Qb3 Be6
15. Qb7 Rd8 16. Nc3 Qb6 17. Qxb6 axb6 18. Be3 b5 19. Nxd5 Bxd5 20. Bb6 Rd7 21.
Bxd5 cxd5 22. Rac1 f6 23. Rc8+ Kf7 24. Rdc1 g5 25. Ba5 Bg7 26. Rxh8 Bxh8 27. Rc5
Rb7 28. Rxd5 Ke6 29. e4 f5 30. Rd8 Bf6 31. exf5+ Kxf5 32. Rd5 Ke6 33. Rd2 e4 34.
Kf1 Ra7 35. Bb4 Ra6 36. Rc2 Rb6 37. Ke2 Bd4 38. Rc7 Bxb2 39. Rxh7 Kf5 40. h4 gxh4
41. Rxh4 Bc1 42. Rh5+ Ke6 43. Kd1 Bb2 44. Rh6+ Bf6 45. Bc3 Kf5 46. Rxf6+ 1-0

[Event "III Dolnoslaska Liga Szachowa 2017/2018"]
[Site "Dolny Slask"]
[Date "1899-12-30"]
[Round "7.15"]
[White "Dzikowski, Michal"]
[Black "Daniel, Damian"]
[Result "1/2-1/2"]
[WhiteTitle "k"]
[BlackTitle "I++"]
[WhiteElo "2147"]
[BlackElo "2094"]

1. d4 Nf6 2. c4 c5 3. d5 b5 4. cxb5 a6 5. b6 e6 6. Nc3 Nxd5 7. Nxd5 exd5 8. Qxd5
Nc6 9. Bg5 Qxb6 10. Qe4+ Be7 11. Bxe7 Nxe7 12. Qxa8 Qxb2 13. Rd1 Qc3+ 14. Rd2
Qc1+ 15. Rd1 Qc3+ 16. Rd2 Qc1+ 1/2-1/2

[Event "III Dolnoslaska Liga Szachowa 2017/2018"]
[Site "Dolny Slask"]
[Date "1899-12-30"]
[Round "7.16"]
[White "Kowalczuk, Wojciech"]
[Black "Zareba, Radoslaw"]
[Result "1/2-1/2"]
[WhiteTitle "k"]
[BlackTitle "I+"]
[WhiteElo "2043"]
[BlackElo "2116"]

1. e4 d6 2. d4 g6 3. Be3 Bg7 4. Nc3 c6 5. Qd2 b5 6. Nf3 Nd7 7. a3 Bb7 8. Be2 Qc7
9. O-O Ngf6 10. Bh6 O-O 1/2-1/2

[Event "III Dolnoslaska Liga Szachowa 2017/2018"]
[Site "Dolny Slask"]
[Date "1899-12-30"]
[Round "7.17"]
[White "Kaczmarek, Maciej"]
[Black "Szmyd, Marek"]
[Result "0-1"]
[WhiteTitle "I"]
[BlackTitle "k"]
[WhiteElo "1967"]
[BlackElo "1940"]

1. e4 c5 2. Nf3 d6 3. d4 cxd4 4. Nxd4 Nf6 5. Nc3 g6 6. Be3 Bg7 7. Bc4 O-O 8. f3
Nc6 9. Qd2 Bd7 10. O-O-O Rc8 11. Bb3 Na5 12. h4 h5 13. Bh6 Nc4 14. Bxc4 Rxc4 15.
Bxg7 Kxg7 16. g4 Qa5 17. g5 18. Nh7 19. Nb3 Qa6 20. Kb1 Rfc8 21. Rc1 Bc6 22. Rhe1
Nf8 23. f4 Nd7 24. Nd5 e6 25. Nc3 Ba4 26. Nxa4 27. Rxa4 28. Qd3 Rxa2 29. Qd4+
e5 30. fxe5 Nxe5 31. Rf1 Ra4 32. Qf2 Rxe4 33. Qf6+ Kh7 34. Qe7 Qa4 0-1

[Event "III Dolnoslaska Liga Szachowa 2017/2018"]
[Site "Dolny Slask"]
[Date "1899-12-30"]
[Round "7.18"]
[White "Borowski, Przemyslaw"]
[Black "Pociejowski, Marek"]
[Result "1-0"]
[WhiteTitle "I"]
[BlackTitle "I++"]
[WhiteElo "1797"]
[BlackElo "1896"]

1. Nf3 d5 2. g3 Nf6 3. Bg2 c5 4. d3 Nc6 5. O-O e5 6. Nbd2 Be7 7. e4 O-O 8. Qe2
Bg4 9. c3 Qd7 10. exd5 Nxd5 11. h3 Bxh3 12. Nxe5 Nxe5 13. Qxe5 Rad8 14. Nf3 Bf6
15. Qh5 Bg4 16. Qh1 Rfe8 17. Ng5 Bxg5 18. Bxg5 f6 19. c4 Nb4 20. Bf4 Be2 21. Rfd1
Bxd1 22. Rxd1 Nc6 23. Be4 f5 24. Bd5+ Kh8 25. Qh5 g6 26. Qh4 Rf8 27. Bh6 Qd6 28.
Bxf8 Qxf8 29. Re1 Rd7 30. Kg2 Ne7 31. Be6 Rxd3 32. Rh1 Qg7 33. Qf4 Rd8 34. b3
Qd4 35. Qh6 Qe4+ 36. f3 Rd2+ 37. Kh3 Qxe6 38. Qxd2 f4+ 39. g4 Qf6 40. Re1 Kg7
41. Qd7 Kf7 42. Qxb7 h5 43. Rxe7+ Qxe7 44. Qxe7+ Kxe7 45. gxh5 gxh5 46. Kh4 Kf6
47. Kxh5 Kf5 48. Kh4 a5 49. Kh5 Kf6 50. Kg4 Ke5 51. Kg5 Kd4 52. Kxf4 a4 53. bxa4
Kxc4 54. a5 Kb5 55. a6 Kxa6 56. Ke4 Kb5 57. Kd3 Kb4 58. Kc2 Ka3 59. f4 Kxa2 60.
f5 1-0

[Event "III Dolnoslaska Liga Szachowa 2017/2018"]
[Site "Dolny Slask"]
[Date "1899-12-30"]
[Round "7.19"]
[White "Zdziarska-zareba, Lidia"]
[Black "Czaplewska, Klara"]
[Result "1/2-1/2"]
[WhiteTitle "k+"]
[BlackTitle "k+"]
[WhiteElo "1860"]
[BlackElo "1897"]

1. e4 e5 2. Nf3 Nc6 3. d4 exd4 4. Nxd4 Bc5 5. Be3 Qf6 6. c3 Nge7 7. g3 d5 8. Bg2
Nxd4 9. cxd4 Bb4+ 10. Nc3 Bxc3+ 11. bxc3 dxe4 12. Bxe4 Qe6 13. Bg2 Nd5 14. Qd3
Nxe3 15. Qxe3 Rb8 16. O-O O-O 17. Qd3 Re8 18. c4 Bd7 19. Bd5 Qf6 20. Rfe1 b6 21.
Be4 h6 22. Re3 c5 23. Rd1 cxd4 24. Qxd4 Qxd4 25. Rxd4 Bh3 26. Bg2 Rxe3 27. fxe3
Bxg2 28. Kxg2 Rc8 29. Kf3 Kf8 30. h4 Ke7 31. Ke4 Rc5 32. a3 Ke6 33. Kf3 Ra5 34.
Rd3 Ra4 35. Rc3 Kd6 36. Ke2 Ke5 37. c5 bxc5 38. Rxc5+ Kd6 39. Rc3 Ra5 40. Kf3
1/2-1/2

[Event "III Dolnoslaska Liga Szachowa 2017/2018"]
[Site "Dolny Slask"]
[Date "1899-12-30"]
[Round "7.20"]
[White "Borkowski, Franciszek"]
[Black "Zeberski, Jakub"]
[Result "0-1"]
[WhiteTitle "IM"]
[BlackTitle "IM"]
[WhiteElo "2286"]
[BlackElo "2323"]

1. e4 e5 2. Nf3 Nc6 3. Bb5 Nge7 4. c3 d5 5. Nxe5 dxe4 6. Nxc6 bxc6 7. Bc4 Ng6 8.
d4 Bd6 9. O-O O-O 10. Nd2 Qh4 11. g3 Qh3 12. Re1 Bg4 13. Qc2 Rae8 14. Bf1 Qh5
15. Nc4 Nh4 16. Nd2 Bf4 17. gxh4 Qg6 18. h5 Qg5 19. h4 Qxh4 20. Bg2 Qh2+ 21. Kf1
Bh3 22. Bxh3 Qxh3+ 23. Ke2 Qxh5+ 24. Kf1 Qh3+ 25. Ke2 e3 26. Ne4 exf2 27. Rf1
Bxc1 28. Raxc1 f5 29. Rxf2 Rxe4+ 30. Kd1 Qg3 31. Qd2 Rfe8 32. Kc2 Qxf2 33. Qxf2
Re2+ 34. Qxe2 Rxe2+ 35. Kb3 g5 36. c4 f4 37. d5 cxd5 38. cxd5 Re7 0-1

[Event "III Dolnoslaska Liga Szachowa 2017/2018"]
[Site "Dolny Slask"]
[Date "1899-12-30"]
[Round "7.21"]
[White "Perdek, Miroslaw"]
[Black "Walentukiewicz, Michal"]
[Result "1/2-1/2"]
[WhiteTitle "FM"]
[BlackTitle "CM"]
[WhiteElo "2222"]
[BlackElo "2011"]

1. e4 e6 2. d4 d5 3. Nd2 dxe4 4. Nxe4 Bd7 5. Nf3 Bc6 6. Bd3 Bxe4 7. Bxe4 c6 8.
O-O Nf6 9. Bd3 Bd6 10. b3 Nbd7 11. Bb2 Qc7 12. Re1 O-O-O 13. Qe2 Nd5 14. g3 Bb4
15. Rf1 Bc3 16. Bxc3 Nxc3 17. Qe1 Nd5 18. Ne5 Nxe5 19. dxe5 Ne7 20. Qe3 Qb6 21.
Qxb6 axb6 22. f4 g6 23. Kf2 Rd4 24. Rfd1 Rhd8 25. Be2 Rd2 26. Rac1 Kc7 27. Ke1
Rxd1+ 28. Rxd1 Nd5 29. a4 h5 30. Bf3 Ne3 31. Rxd8 Kxd8 32. Be4 Ng4 33. h3 Nh6
34. Kd2 Kc7 35. Ke3 Ng8 36. Kf3 Ne7 37. Ke3 1/2-1/2

[Event "III Dolnoslaska Liga Szachowa 2017/2018"]
[Site "Dolny Slask"]
[Date "1899-12-30"]
[Round "7.22"]
[White "Zombirt, Filip"]
[Black "Kolasinski, Krzysztof"]
[Result "0-1"]
[WhiteTitle "I+"]
[BlackTitle "I++"]
[WhiteElo "1929"]
[BlackElo "2055"]

1. d4 Nf6 2. c4 g6 3. Nc3 Bg7 4. e4 d6 5. Nf3 O-O 6. Be2 e5 7. O-O Nc6 8. d5 Ne7
9. Ne1 Nd7 10. f3 f5 11. g4 Kh8 12. Nd3 Ng8 13. Be3 b6 14. b4 Bh6 15. Qd2 Bxe3+
16. Qxe3 a5 17. a3 Ba6 18. Nb5 Bxb5 19. cxb5 Qh4 20. Rfe1 axb4 21. axb4 Rxa1 22.
Rxa1 Ngf6 23. Nf2 Kg7 24. Ra7 Ne8 25. Kg2 h5 26. gxf5 gxf5 27. exf5 Rxf5 28. Ne4
Ndf6 29. Ng3 Rg5 30. Qd3 Qxb4 31. Kh3 Qf4 32. Qc4 h4 33. Qxf4 exf4 34. Ne4 Rxd5
35. Nxf6 Kxf6 36. Kxh4 Rd2 37. Bc4 Rxh2+ 38. Kg4 Ke5 39. Ra1 Nf6+ 40. Kg5 Rg2+
41. Kh4 d5 42. Bd3 Kd4 43. Bf5 Rg3 44. Rc1 Ke5 45. Bg4 Nxg4 46. fxg4 Rb3 47. Re1+
Kd6 48. g5 Rg3 49. Re8 Rg1 50. Kh5 Kc5 51. Rf8 Rh1+ 52. Kg6 Kxb5 53. Rxf4 c5 54.
Kf5 Rh8 55. Ke5 d4 56. g6 Rg8 0-1

[Event "III Dolnoslaska Liga Szachowa 2017/2018"]
[Site "Dolny Slask"]
[Date "1899-12-30"]
[Round "7.23"]
[White "Kawalko, Adam"]
[Black "Bocko, Stanislaw"]
[Result "1-0"]
[WhiteTitle "I"]
[BlackTitle "I"]
[WhiteElo "1771"]
[BlackElo "1953"]

1. e4 c5 2. Nf3 d6 3. d4 cxd4 4. Nxd4 a6 5. Nc3 e6 6. Be3 Nf6 7. Be2 Qc7 8. a4
Nc6 9. O-O Be7 10. f4 O-O 11. Qd2 Bd7 12. Rad1 Rac8 13. Nb3 Rfd8 14. g4 Be8 15.
Qe1 Na5 16. Nxa5 Qxa5 17. g5 Nd7 18. Qf2 Qb4 19. f5 Nc5 20. f6 Bf8 21. fxg7 Bxg7
22. Bd4 Bxd4 23. Rxd4 Qxb2 24. Bh5 Rc7 25. Nd1 Qb6 26. Ne3 f5 27. Bxe8 Rxe8 28.
exf5 Rf8 29. Ng4 Rg7 30. Nh6+ Kh8 31. h4 exf5 32. Rf4 1-0

[Event "III Dolnoslaska Liga Szachowa 2017/2018"]
[Site "Dolny Slask"]
[Date "1899-12-30"]
[Round "7.25"]
[White "Klykow, Lukasz"]
[Black "Dobrowolski, Aleksander"]
[Result "1-0"]
[WhiteTitle "k"]
[BlackTitle "m"]
[WhiteElo "2181"]
[BlackElo "2272"]

1. e4 c5 2. Nf3 e6 3. d4 cxd4 4. Nxd4 Nc6 5. Nc3 a6 6. Nxc6 bxc6 7. Bd3 d5 8. O-O
Nf6 9. Kh1 Be7 10. f4 O-O 11. Qe2 c5 12. b3 Bb7 13. e5 Nd7 14. f5 exf5 15. Bxf5
d4 16. e6 fxe6 17. Qxe6+ Kh8 18. Nd5 Bxd5 19. Qxd5 Nb6 20. Qxd8 Raxd8 21. Bd2
Nd5 22. Bd3 Rxf1+ 23. Rxf1 Nb4 24. Rf7 Bd6 25. Bxb4 cxb4 26. Ra7 Bf4 27. Rxa6
Bc1 28. g3 g6 29. Kg2 Re8 30. Ra7 Re5 31. h4 Kg8 32. g4 Re1 33. Bc4+ Kf8 34. Rf7+
Ke8 35. Rxh7 g5 36. h5 Be3 37. Rb7 Rg1+ 38. Kf3 Rh1 39. Rxb4 1-0

[Event "III Dolnoslaska Liga Szachowa 2017/2018"]
[Site "Dolny Slask"]
[Date "1899-12-30"]
[Round "7.26"]
[White "Kwiecinski, Marian"]
[Black "Olszewski, Pawel"]
[Result "0-1"]
[WhiteTitle "k"]
[BlackTitle "II"]
[WhiteElo "2177"]
[BlackElo "1842"]

1. e4 e5 2. f4 Bc5 3. Nf3 d6 4. c3 Nc6 5. d4 exd4 6. cxd4 Bb6 7. Bb5 Bd7 8. Nc3
Nf6 9. O-O O-O 10. Kh1 a6 11. Ba4 Re8 12. e5 Nh5 13. Ng5 g6 14. Bb3 Rf8 15. f5
Nxd4 16. fxg6 hxg6 17. Rxf7 Rxf7 18. Bxf7+ Kg7 19. g4 dxe5 20. Bxg6 Nf4 21. Bxf4
exf4 22. h4 Qf6 23. Be4 Rh8 24. Nf3 Rxh4+ 25. Kg2 Bxg4 26. Nxd4 Bxd4 27. Qd3 Rh2+
28. Kxh2 Qh4+ 29. Kg2 f3+ 30. Qxf3 Bxf3+ 31. Bxf3 Qf2+ 0-1

[Event "III Dolnoslaska Liga Szachowa 2017/2018"]
[Site "Dolny Slask"]
[Date "1899-12-30"]
[Round "7.27"]
[White "Rura, Mikolaj"]
[Black "Helaszek, Edward"]
[Result "0-1"]
[WhiteTitle "I"]
[BlackTitle "k"]
[WhiteElo "1624"]
[BlackElo "1996"]

1. e4 d6 2. d4 Nf6 3. Nc3 c6 4. Nf3 Bg4 5. Bf4 e6 6. Be2 d5 7. e5 Nfd7 8. h3 Bh5
9. O-O Be7 10. Rc1 O-O 11. Nb1 b5 12. Qd2 a6 13. b3 Nb6 14. c4 dxc4 15. bxc4 bxc4
16. Bxc4 Nxc4 17. Rxc4 Bxf3 18. gxf3 Qd5 19. Qe2 Rd8 20. Rfc1 Ra7 21. Nc3 Qa5
22. Ne4 Rb7 23. Qc2 Qa3 24. Rc3 Qb2 25. Be3 Qxc2 26. R1xc2 h6 27. Rb3 Rxb3 28.
axb3 Rd5 29. Nc5 Bxc5 30. dxc5 Rxe5 31. Bf4 Re1+ 32. Kg2 Nd7 33. b4 Rb1 34. Bd2
Kf8 35. Kh2 Nb8 36. Rc4 f6 37. Bf4 e5 38. Bg3 g5 39. h4 Ke7 40. Kh3 Rb3 41. Kg4
Ke6 42. hxg5 hxg5 43. Bh2 Rd3 44. Bg3 Rd4+ 0-1

[Event "III Dolnoslaska Liga Szachowa 2017/2018"]
[Site "Dolny Slask"]
[Date "1899-12-30"]
[Round "7.28"]
[White "Lichwa, Przemyslaw"]
[Black "Wilgosz, Jan"]
[Result "1-0"]
[WhiteTitle "II"]
[BlackTitle "II"]
[WhiteElo "1456"]
[BlackElo "1144"]

1. e4 e5 2. f4 Bc5 3. Nf3 d6 4. Bc4 Nf6 5. d3 Nc6 6. h3 O-O 7. f5 Na5 8. Bb3 Nxb3
9. axb3 c6 10. Bg5 Re8 11. Nc3 d5 12. Na4 Bf8 13. O-O b5 14. Nc3 Qb6+ 15. Kh2
dxe4 16. dxe4 Nd7 17. Qe2 Nc5 18. Be3 Qc7 19. Qf2 Na6 20. g4 Bb4 21. Rad1 Bxc3
22. bxc3 c5 23. Qg3 Bb7 24. Nd2 Rad8 25. f6 g6 26. Qh4 Kh8 27. Nf3 Rxd1 28. Rxd1
g5 29. Nxg5 Bxe4 30. Nxe4 Rg8 31. Ng5 e4+ 32. Kg2 Rxg5 33. Qxg5 Qb8 34. Qg7# 1-0

[Event "III Dolnoslaska Liga Szachowa 2017/2018"]
[Site "Dolny Slask"]
[Date "1899-12-30"]
[Round "8.1"]
[White "Sernecki, Franciszek"]
[Black "Dowgird, Filip"]
[Result "1-0"]
[WhiteTitle "I+"]
[BlackTitle "k"]
[WhiteElo "2109"]
[BlackElo "2259"]

1. d4 d6 2. Nf3 g6 3. c4 Bg7 4. Nc3 Nd7 5. e4 e5 6. dxe5 dxe5 7. Be2 Ngf6 8. O-O
O-O 9. Qc2 c6 10. h3 Qe7 11. Be3 Nh5 12. Rfd1 Nf4 13. Bf1 Re8 14. a3 Qf6 15. g3
Ne6 16. Bg2 h6 17. b4 Ndf8 18. Qc1 g5 19. Ra2 Ng6 20. Rad2 Bf8 21. c5 h5 22. Rd3
g4 23. Nh2 Nd4 24. hxg4 hxg4 25. Bxd4 exd4 26. Rxd4 Be6 27. e5 Nxe5 28. Ne4 Qg6
29. Nd6 Bh6 30. Qc3 Re7 31. Nxb7 Bg7 32. Na5 Rae8 33. Qd2 Nf3+ 34. Nxf3 gxf3 35.
Bxf3 Bxd4 36. Qxd4 Rd7 37. Qa1 Bg4 38. Bxg4 Qxg4 39. Rxd7 Qxd7 40. Qf6 Qd5 41.
Kh2 Re6 42. Qf4 Kg7 43. g4 Rf6 44. Qe3 Rf3 45. Qe2 Rd3 46. Nxc6 Kh7 47. b5 Rd2
48. Qe3 Rc2 49. Nb4 1-0

[Event "III Dolnoslaska Liga Szachowa 2017/2018"]
[Site "Dolny Slask"]
[Date "1899-12-30"]
[Round "8.2"]
[White "Dobrowolski, Aleksander"]
[Black "Dmochowska, Agnieszka"]
[Result "1-0"]
[WhiteTitle "m"]
[BlackTitle "WCM"]
[WhiteElo "2272"]
[BlackElo "2073"]

1. e4 c5 2. Nf3 d6 3. d4 cxd4 4. Nxd4 Nf6 5. Nc3 Nc6 6. Bg5 e6 7. Qd2 a6 8. O-O-O
Be7 9. Bxf6 gxf6 10. f4 Nxd4 11. Qxd4 Qa5 12. Bc4 Bd7 13. f5 Qe5 14. Qb6 Rc8 15.
Bb3 Bc6 16. Kb1 O-O 17. fxe6 fxe6 18. Qe3 Kh8 19. Qh3 Bd7 20. Ne2 f5 21. Nd4 fxe4
22. Bxe6 Bxe6 23. Nxe6 Bf6 24. c3 Rfe8 25. Nd4 e3 26. Rhe1 Rc4 27. Rd3 Bg5 28.
Qf5 Qe7 29. h4 Bh6 30. Qh5 Qe4 31. Ka1 Bf4 32. Nf5 Rc5 33. Rd4 Qxf5 1-0

[Event "III Dolnoslaska Liga Szachowa 2017/2018"]
[Site "Dolny Slask"]
[Date "1899-12-30"]
[Round "8.3"]
[White "Mazurek, Bartosz"]
[Black "Helaszek, Edward"]
[Result "0-1"]
[WhiteTitle "II+"]
[BlackTitle "k"]
[WhiteElo "1757"]
[BlackElo "1996"]

1. d4 Nf6 2. Nf3 d6 3. c4 Nbd7 4. Nc3 e5 5. e4 Be7 6. Be2 O-O 7. O-O c6 8. dxe5
dxe5 9. Qc2 Qc7 10. Rd1 Nc5 11. h3 a5 12. Be3 Nfd7 13. b3 Ne6 14. Bf1 Bc5 15.
Bxc5 Ndxc5 16. Rab1 Nf4 17. a3 Qe7 18. b4 Na6 19. Qb2 axb4 20. axb4 Qf6 21. Nh2
Qg6 22. Kh1 Be6 23. f3 Rfd8 24. c5 Nc7 25. Qc2 Rd4 26. Ne2 Nxe2 27. Bxe2 Rad8
28. Rxd4 exd4 29. Ng4 Bxg4 30. fxg4 Ne6 31. Bd3 Qg5 32. Re1 Qe5 33. Ra1 Qg3 34.
Rd1 g6 35. Qd2 Kg7 36. Rf1 Qe5 37. Qf2 f6 38. h4 g5 39. g3 h6 40. Kg2 gxh4 41.
gxh4 Rf8 42. Kh3 Ra8 43. Qd2 Ra3 44. Rf5 Qxf5 45. gxf5 Rxd3+ 0-1

[Event "III Dolnoslaska Liga Szachowa 2017/2018"]
[Site "Dolny Slask"]
[Date "1899-12-30"]
[Round "8.4"]
[White "Korosciel, Aneta"]
[Black "Szczuraszyk, Jaroslaw"]
[Result "1/2-1/2"]
[WhiteTitle "m"]
[BlackTitle "II+"]
[WhiteElo "1993"]
[BlackElo "1740"]

1. d4 f5 2. Nf3 d5 3. Bf4 Nf6 4. h3 e6 5. e3 Be7 6. Be2 O-O 7. O-O b6 8. c4 c5
9. Nc3 Bb7 10. Nb5 Na6 11. a3 Bc6 12. cxd5 exd5 13. Ne5 Be8 14. Rc1 c4 15. Nc3
Nc7 16. Bf3 b5 17. Nb1 Rc8 18. b3 Ne6 19. Bh2 a5 20. bxc4 bxc4 21. Re1 Nc7 22.
Qc2 g6 23. Qa2 Nb5 24. a4 Na7 25. Nc3 Bb4 26. Re2 Kg7 27. Rb2 Bc6 28. Nxc6 Nxc6
29. Nb5 Be7 30. Qb1 Nb4 31. Be2 Ne8 32. Na7 Ra8 33. Nb5 Bd6 34. Nxd6 Nxd6 35.
Be5+ Kg8 36. Qa1 Nc8 37. Rc3 Nb6 38. Bg3 Qd7 39. Bd1 Rae8 40. Rb1 Nc8 41. Bf3
Nb6 1/2-1/2

[Event "III Dolnoslaska Liga Szachowa 2017/2018"]
[Site "Dolny Slask"]
[Date "1899-12-30"]
[Round "8.5"]
[White "Frej, Zofia"]
[Black "Ogonowska, Katarzyna"]
[Result "1-0"]
[WhiteTitle "k"]
[BlackTitle "I++"]
[WhiteElo "1865"]
[BlackElo "1847"]

1. d4 d5 2. Nf3 e6 3. e3 c5 4. c4 cxd4 5. exd4 dxc4 6. Bxc4 Nf6 7. Nc3 Nc6 8. O-O
Be7 9. Be3 O-O 10. Qe2 Nb4 11. Ne5 a6 12. a3 Nbd5 13. Rac1 Qd6 14. Bxd5 Nxd5 15.
Nc4 Nxc3 16. Rxc3 Qd8 17. Qf3 Bf6 18. Rd1 Re8 19. h3 a5 20. Ne5 Qd5 21. Qg3 Bxe5
22. Qxe5 Qxe5 23. dxe5 b5 24. Rc7 Rb8 25. Rdc1 a4 26. Ra7 Rb7 27. Rxc8 Rxc8 28.
Rxb7 1-0

[Event "III Dolnoslaska Liga Szachowa 2017/2018"]
[Site "Dolny Slask"]
[Date "1899-12-30"]
[Round "8.6"]
[White "Swicarz, Maciej"]
[Black "Klykow, Lukasz"]
[Result "1-0"]
[WhiteTitle "m"]
[BlackTitle "k"]
[WhiteElo "2363"]
[BlackElo "2181"]

1. e4 e5 2. Nf3 Nc6 3. Bc4 Nf6 4. d3 Be7 5. O-O O-O 6. Re1 d6 7. a4 Kh8 8. h3 Ng8
9. d4 f5 10. dxe5 fxe4 11. Rxe4 Rxf3 12. Qxf3 d5 13. Bxd5 Qxd5 14. Nc3 Qa5 15.
Qf4 Be6 16. g4 Bd5 17. Nxd5 Qxd5 18. c4 Qd1+ 19. Kg2 Rf8 20. Qe3 Bh4 21. f4 Rd8
22. Qe2 Nb4 23. Qxd1 Rxd1 24. Re2 Nd3 25. Rd2 Nxf4+ 26. Kf3 Rf1+ 27. Ke4 Nxh3
28. Rh2 Nf2+ 29. Kf3 Nd3+ 30. Ke3 Bg3 31. Rg2 Rxc1 32. Rxc1 Bf4+ 33. Kxd3 Bxc1
34. Rf2 h6 35. Rf7 Bxb2 36. Ke4 Ba3 37. Rxc7 b6 38. a5 bxa5 39. c5 a6 40. c6 Bc5
41. Kd5 Bb6 42. Rb7 Bd8 43. Ke6 a4 44. Rd7 Bb6 45. Ra7 a5 46. c7 Bxc7 47. Rxc7
Kh7 48. Kf7 a3 49. Ra7 h5 50. g5 h4 51. Rxa5 h3 52. Rxa3 h2 53. Rh3+ Nh6+ 54.
Rxh6+ gxh6 55. g6+ Kh8 56. g7+ Kh7 57. g8=Q# 1-0

[Event "III Dolnoslaska Liga Szachowa 2017/2018"]
[Site "Dolny Slask"]
[Date "1899-12-30"]
[Round "8.7"]
[White "Wrobel, Maciej"]
[Black "Zeberski, Jakub"]
[Result "0-1"]
[WhiteTitle "I+"]
[BlackTitle "IM"]
[WhiteElo "1974"]
[BlackElo "2323"]

1. e4 c5 2. Nf3 Nc6 3. d4 cxd4 4. Nxd4 Nf6 5. Nc3 d6 6. Bg5 e6 7. Qd3 a6 8. O-O-O
Be7 9. f4 Nxd4 10. Qxd4 b5 11. e5 dxe5 12. Qxd8+ Bxd8 13. fxe5 Nd7 14. Bxd8 Kxd8
15. Be2 Ke7 16. Bf3 Ra7 17. Rhe1 Rd8 18. Rd6 Rc7 19. Rc6 Rxc6 20. Bxc6 Nb6 21.
b3 Bd7 22. Bb7 Bc8 23. Bc6 f6 24. Bf3 f5 25. a3 g5 26. h3 Rd7 27. Re3 Bb7 28.
Bxb7 Rxb7 29. Rg3 h6 30. h4 Rc7 31. hxg5 hxg5 32. Rh3 Rc5 33. Rh7+ Kf8 34. Rb7
Rxc3 35. Rxb6 Kf7 36. Rxa6 Rg3 37. a4 bxa4 38. b4 Rxg2 39. b5 f4 40. b6 f3 41.
Ra7+ Kg6 42. b7 f2 43. b8=Q f1=Q+ 44. Kb2 Qc4 45. Rg7+ Kf5 46. Qf8+ Kxe5 47. Qb8+
Ke4 48. Qa8+ Qd5 49. Qxa4+ Qd4+ 50. Qxd4+ Kxd4 51. Rd7+ Ke4 52. Kc1 g4 53. c4
Rh2 54. Rg7 Kf3 55. Rf7+ Kg2 56. Re7 g3 57. Rxe6 Rh4 58. Kd1 Kh2 59. Ke2 g2 60.
Rg6 g1=Q 0-1

[Event "III Dolnoslaska Liga Szachowa 2017/2018"]
[Site "Dolny Slask"]
[Date "1899-12-30"]
[Round "8.8"]
[White "Kanicki, Krzysztof"]
[Black "Olszewski, Pawel"]
[Result "1-0"]
[WhiteTitle "k"]
[BlackTitle "II"]
[WhiteElo "2089"]
[BlackElo "1842"]

1. e4 e5 2. Nf3 Nc6 3. Bb5 a6 4. Ba4 Nf6 5. O-O Be7 6. Re1 b5 7. Bb3 O-O 8. h3
d6 9. c3 Na5 10. Bc2 c5 11. d4 Qc7 12. Nbd2 Bd7 13. Nf1 Rfc8 14. dxe5 dxe5 15.
Ne3 Re8 16. Nh2 Nb7 17. Nhg4 Bxg4 18. hxg4 h6 19. Nf5 Bf8 20. g5 hxg5 21. Bxg5
Nh7 22. Be3 Nd6 23. Qg4 Nxf5 24. exf5 f6 25. Be4 Rad8 26. Rad1 c4 27. Bd5+ Kh8
28. Qh5 Bc5 29. Bf7 Bxe3 30. fxe3 Rxd1 31. Rxd1 Rd8 32. Rxd8+ Qxd8 33. Bg6 Qg8
34. e4 a5 35. a3 a4 36. Kh2 1-0

[Event "III Dolnoslaska Liga Szachowa 2017/2018"]
[Site "Dolny Slask"]
[Date "1899-12-30"]
[Round "8.9"]
[White "Wilgosz, Jan"]
[Black "Kawalko, Adam"]
[Result "0-1"]
[WhiteTitle "II"]
[BlackTitle "I"]
[WhiteElo "1144"]
[BlackElo "1771"]

1. e4 c5 2. Nf3 e6 3. Nc3 a6 4. g3 Nc6 5. Bg2 b5 6. O-O Bb7 7. Re1 d6 8. d4 cxd4
9. Nxd4 Nge7 10. Bg5 Nxd4 11. Qxd4 Nc6 12. Qd2 Be7 13. Bf4 O-O 14. Rad1 Ne5 15.
b3 Qc7 16. Ne2 Rac8 17. Bxe5 dxe5 18. c3 Rfd8 19. Qc1 Bc5 20. Rxd8+ Rxd8 21. h4
Bb6 22. Rd1 Rd6 23. Rd2 Qd7 24. Rxd6 Qxd6 25. Qc2 Kf8 26. Nc1 Ke7 27. Qd3 Qxd3
28. Nxd3 Kd6 29. Kf1 f5 30. f3 g6 31. a3 Bc6 32. Ke2 h5 33. Nf2 Be8 34. Bf1 0-1

[Event "III Dolnoslaska Liga Szachowa 2017/2018"]
[Site "Dolny Slask"]
[Date "1899-12-30"]
[Round "8.10"]
[White "Pawicka, Magdalena"]
[Black "Miarecka, Natalia"]
[Result "1-0"]
[WhiteTitle "I"]
[BlackTitle "II"]
[WhiteElo "1768"]
[BlackElo "1002"]

1. e4 e5 2. Nf3 Nc6 3. d4 exd4 4. Nxd4 Nf6 5. Nc3 Bc5 6. Be3 Bb6 7. Be2 O-O 8.
O-O d5 9. Nxd5 Nxd5 10. exd5 Qxd5 11. Bf3 Qd6 12. Nxc6 bxc6 13. Qxd6 cxd6 14.
Bxc6 Rb8 15. Bf4 Bc7 16. b3 Bf5 17. c4 h6 18. Rad1 Rfd8 19. c5 Rbc8 20. Bb7 Rb8
21. Bf3 Rbc8 22. cxd6 Bb6 23. Rc1 Bc5 24. Bb7 Ba3 25. Rxc8 Bxc8 26. Bxc8 Rxc8
27. d7 Rd8 28. Rd1 Be7 29. Bc7 Rf8 30. d8=Q Bxd8 31. Rxd8 f6 32. Rxf8+ Kxf8 33.
Kf1 Ke7 34. Ke2 Kd7 35. Bf4 g5 36. Bg3 f5 37. f4 g4 38. Kd3 Kc6 39. Kd4 Kd6 40.
Be1 Ke6 41. Kc5 h5 42. Kc6 a6 43. b4 Ke7 44. Kc7 Ke6 45. a4 Kd5 46. b5 axb5 47.
axb5 Ke4 48. b6 Kxf4 49. b7 Ke3 50. b8=Q Ke2 51. Bg3 Kf1 52. Qb2 f4 53. Qf2# 1-0

[Event "III Dolnoslaska Liga Szachowa 2017/2018"]
[Site "Dolny Slask"]
[Date "1899-12-30"]
[Round "8.11"]
[White "Daniel, Damian"]
[Black "Walentukiewicz, Michal"]
[Result "1/2-1/2"]
[WhiteTitle "I++"]
[BlackTitle "CM"]
[WhiteElo "2094"]
[BlackElo "2011"]

1. d4 e6 2. c4 Nf6 3. Nc3 Bb4 4. Qc2 c5 5. dxc5 Bxc5 6. Nf3 Nc6 7. a3 a5 8. e3
O-O 9. Be2 d5 10. O-O Qe7 11. Rd1 Rd8 12. b3 b6 13. cxd5 exd5 14. Na4 Bg4 15.
Nxb6 Bxb6 16. Qxc6 Qa7 17. Qb5 Rab8 18. Qd3 Ne4 19. Bb2 Bf5 20. Nh4 Be6 21. Nf3
Bf5 22. Nh4 Be6 23. b4 axb4 24. axb4 Qe7 25. Nf3 Qxb4 26. Be5 Rb7 27. Nd4 Rc8
28. Rdc1 Rxc1+ 29. Rxc1 Nc5 30. Qd1 Bd7 31. Bd6 Ba4 32. Qd3 Qb2 33. Rxc5 Bxc5
34. Bxc5 Qc1+ 35. Bf1 Qxc5 36. Qa6 Qb4 37. Qa8+ Rb8 38. Qxd5 Bb3 39. Qe5 1/2-1/2